[Event "Canadian op"]
[Site "Calgary"]
[Date "2023.07.22"]
[Round "1"]
[White "Piasetski, Leon David"]
[Black "Hawkshaw, Kevin"]
[Result "1-0"]
[WhiteElo "2230"]
[BlackElo "1698"]
[PlyCount "45"]
[EventDate "2023.07.22"]
[EventType "swiss"]
[EventRounds "10"]
[EventCountry "CAN"]
[SourceTitle "EXT 2024"]
[Source "ChessBase"]
[SourceDate "2023.10.10"]
[SourceVersion "1"]
[SourceVersionDate "2023.10.10"]
[SourceQuality "1"]

1. c4 e5 2. Nc3 Nf6 3. g3 Nc6 4. Bg2 Bb4 5. d3 0-0 6. a3 Bxc3+ 7. bxc3 d6 8. e4 Be6 9. Ne2 Qd7 10. h3 Rab8 11. f4 g6 12. g4 exf4 13. Nxf4 Ne5 14. 0-0 c6 15. a4 d5 16. exd5 cxd5 17. Qe1 Nc6 18. Qh4 Qd8 19. Nxe6 fxe6 20. Ra3 Rf7 21. Re1 e5 22. g5 Qb6+ 23. Kh1 1-0